01209nab a22002297a 4500999001500000003000400015005001700019008004100036040000700077100004300084245009000127260007300217300001500290500004400305505029700349505008900646650002200735650002900757650003800786773014200824942001300966 c5341d5341OSt20250223231406.0190603e xxum|||| |||| 00| 0 spa d cPJ 94994aFerreira Morais, Ignacio Enrique10aFideicomiso inmobiliario : bun enfoque integral /cIgnacio Enrique Ferreira Morais. cCiudad Autónoma de Buenos Aires :aThomson Reuters La Ley, b2023. ap. 105-112 aCita Online: TR LALEY AR/DOC/2644/2023. aSumario: I. Introducción.— II. Fideicomiso.— III. Fideicomiso inmobiliario.— IV. El negocio fiduciario y la ejecución del dominio fiduciario.— V. Estructura del fideicomiso inmobiliario.— VI. Ventajas y utilidad práctica.— VII. Reflexiones finales.— VIII. Bibliografía.  t¿Te interesa el texto completo? Solicitalo al correo: koha@justierradelfuego.gov.ar 091590aFIDEICOMISO 096384aDOMINIO FIDUCIARIO 096382aOBLIGACIONES DEL FIDUCIARIO0 0271393170dCiudad Autónoma de Buenos Aires : Thomson Reuters La Ley, 2015-tRevista Código Civil y Comercial. Nº 6 - Diciembre 2023 2udccANA